Guess the playstation - Statistics

General Stats
  • This quiz has been taken 10 times
  • The average score is 40 of 49
Answer Stats
Hint Answer % Correct
Fifa 13 # Playstation 2
100%
Fifa 96 Playstation 1
89%
Fifa 99 Playstation 1
89%
Fifa 2002 # Playstation 1
89%
Fifa 2003 # Playstation 2
89%
Fifa 10 # Playstation 2
89%
Fifa 08 # Playstation 2
89%
Fifa 07 Playstation 2
89%
Fifa 09 # Playstation 2
89%
Fifa 11 # Playstation 3
89%
Fifa 15 # Playstation 3
89%
Fifa 13 # Playstation 3
89%
Fifa 14 ## Playstation 3
89%
Fifa 09 # Playstation 3
89%
Fifa 19 # Playstation 3
89%
Fifa 19 # Playstation 4
89%
Fifa 23 # Playstation 4
89%
Fifa 17 # Playstation 4
89%
Fifa 21 # Playstation 5
89%
Fifa 22 # Playstation 5
89%
Fifa 2003 # Playstation 1
78%
Fifa 2000 Playstation 1
78%
Fifa 97 Playstation 1
78%
Fifa 2004 # Playstation 1
78%
Fifa 98 Playstation 1
78%
Fifa 2001 # Playstation 1
78%
Fifa 2005 # Playstation 1
78%
Fifa 2005 # Playstation 2
78%
Fifa 06 Playstation 2
78%
Fifa 12 # Playstation 2
78%
Fifa 14 ## Playstation 2
78%
Fifa 2002 # Playstation 2
78%
Fifa 2001 # Playstation 2
78%
Fifa 11 # Playstation 2
78%
Fifa 2004 # Playstation 2
78%
Fifa 17 # Playstation 3
78%
Fifa 08 # Playstation 3
78%
Fifa 16 # Playstation 3
78%
Fifa 12 # Playstation 3
78%
Fifa 18 # Playstation 3
78%
Fifa 10 # Playstation 3
78%
Fifa 16 # Playstation 4
78%
Fifa 21 # Playstation 4
78%
Fifa 15 # Playstation 4
78%
Fifa 20 Playstation 4
78%
Fifa 18 # Playstation 4
78%
Fifa 22 # Playstation 4
78%
Fifa 14 ## Playstation 4
78%
Fifa 23 # Playstation 5
78%
No matching quizzes found
Score Distribution
Percent of People with Each Score
Percentile by Number Answered
Your Score History
You have not taken this quiz